Optimalizácia linky na výrobu dverí pre Porsche Cayenne na karosárni Porsche vo Volkswagen Slovakia, a. s.

Gespeichert in:
Bibliographische Detailangaben
1. Verfasser: Konečný, Tibor (Verfasst von)
Weitere Verfasser: Jerz, Vladimír (Betreuung Doktorarbeit)
Format: Manuskript Buch
Sprache:Slowakisch
Veröffentlicht: 2021
Schlagworte:
Online-Zugang:http://is.stuba.sk/zp/portal_zp.pl?podrobnosti=154172
Tags: Tag hinzufügen
Keine Tags, Fügen Sie das erste Tag hinzu!

MARC

LEADER 00000ntm a22000003a 4500
001 stuzp85751
003 SK-STU
005 20210717210626.2
007 ta
008 150427s2015----xo-----f-mn---000-0-slo-d
040 |a STU  |b slo 
041 0 |a slo 
100 1 |a Konečný, Tibor  |u 020070  |4 aut  |U SjF Strojnícka fakulta  |T SjF Ústav výrobných systémov, enviromentálnej techniky a manažment kvality  |X 93150  |U J0070  |Y 804  |7 93150 
242 0 1 |a Optimization of the door production line for Porsche Cayenne at the Porsche body in Volkswagen Slovakia, a. s.  |y eng 
245 1 0 |a Optimalizácia linky na výrobu dverí pre Porsche Cayenne na karosárni Porsche vo Volkswagen Slovakia, a. s. 
260 |c 2021 
650 4 |a analýza  |2 slo 
650 4 |a problémy  |2 slo 
650 4 |a optimalizácia  |2 slo 
650 4 |a Volkswagen  |2 slo 
650 4 |a optimization  |2 eng 
650 4 |a analysis  |2 eng 
650 4 |a problems  |2 eng 
650 4 |a Volkswagen  |2 eng 
700 1 |a Jerz, Vladimír  |u 020070  |k Z1  |4 ths  |U SjF Strojnícka fakulta  |T SjF Ústav výrobných systémov, enviromentálnej techniky a manažment kvality  |X 2407  |U J0070  |Y 804  |7 A000002407 
856 4 |u http://is.stuba.sk/zp/portal_zp.pl?podrobnosti=154172